000
00343nam a22001457a 4500
008
210518b ||||| |||| 00| 0 eng d
020
_a
9780895261908
041
_a
eng
080
_a
070
082
_a
070
100
_a
40
101
_a
MED
245
_a
A CBS Insider Exposes How the Media Distort the News
_c
Goldberg,B
942
_2
udc
_c
BK
999
_c
57386
_d
57386